000 01504cab a2200289 ab4500
005 20250828141158.0
008 991125c2016 mx qr p o 000 0 spa d
035 _aUPN01000235505
040 _aMX-MxUPN
_bspa
_cMX-MxUPN
_eaacr2
049 _aART-E
100 1 _aRueda, Pilar
_6- p.rueda@pip.udl.cat
100 1 _aFilella, Gemma
245 1 0 _aEducación emocional para familias y docentes
_h[recurso electrónico en línea]
506 0 _aAcceso abierto
520 3 _aExisten varios motivos que inducen a pensar en la necesidad de un programa de Educación Emocional conjunto familia y escuela. En el artículo se presenta la situación actual de la Educación Emocional en el Sistema Educativo, las cinco competencias emocionales, principios y consejos prácticos para ponerla en práctica en familia. Las emociones nos humanizan; será maravilloso cuando podamos controlarlas en sus excesos y disfrutarlas plenamente cuando llegan sus momentos. Ésta es la clave de la Educación Emocional. Padres y maestros
650 4 _aEducación emocional
_911882
653 0 _aCompetencias emocionales
653 0 _aDesarrollo emocional
653 0 _aFamilia
653 0 _aDocentes
773 _gNo. 368, (2016), p. 30-35
_tRevista padres y maestros 
_x2255-1042
856 4 _uhttps://revistas.comillas.edu/index.php/padresymaestros/article/view/7519/7343
856 4 _uhttps://doi.org/10.14422/pym.i368.y2016.005
902 _aLeonor Sotres/280825
905 _aArticulo
942 _cART-E
999 _c207600
_d207600